<?xml version="1.0" encoding="UTF-8"?>
<record
    xmlns:xsi="http://www.w3.org/2001/XMLSchema-instance"
    xsi:schemaLocation="http://www.loc.gov/MARC21/slim http://www.loc.gov/standards/marcxml/schema/MARC21slim.xsd"
    xmlns="http://www.loc.gov/MARC21/slim">

  <leader>01406aam a2200421 a 4500</leader>
  <controlfield tag="001">000913833</controlfield>
  <controlfield tag="003">AR-BaBN</controlfield>
  <controlfield tag="005">20251006172818.0</controlfield>
  <controlfield tag="007">ta</controlfield>
  <controlfield tag="008">081229s2008    ag     jr     001 jdspa  </controlfield>
  <datafield tag="015" ind1=" " ind2=" ">
    <subfield code="a">AR-2008</subfield>
  </datafield>
  <datafield tag="020" ind1=" " ind2=" ">
    <subfield code="a">9789871512003</subfield>
  </datafield>
  <datafield tag="040" ind1=" " ind2=" ">
    <subfield code="a">AR-BaBN</subfield>
    <subfield code="b">spa</subfield>
    <subfield code="c">AR-BaBN</subfield>
    <subfield code="e">aacr</subfield>
  </datafield>
  <datafield tag="044" ind1=" " ind2=" ">
    <subfield code="a">ag</subfield>
    <subfield code="c">ar-c</subfield>
  </datafield>
  <datafield tag="100" ind1="1" ind2=" ">
    <subfield code="a">Quiroga, Horacio,</subfield>
    <subfield code="d">1878-1937</subfield>
    <subfield code="e">autor</subfield>
    <subfield code="4">aut</subfield>
  </datafield>
  <datafield tag="245" ind1="1" ind2="0">
    <subfield code="a">Cuentos de la selva /</subfield>
    <subfield code="c">Horacio Quiroga.</subfield>
  </datafield>
  <datafield tag="260" ind1=" " ind2=" ">
    <subfield code="a">Buenos Aires :</subfield>
    <subfield code="b">Libertador,</subfield>
    <subfield code="c">2008.</subfield>
  </datafield>
  <datafield tag="300" ind1=" " ind2=" ">
    <subfield code="a">91 p. ;</subfield>
    <subfield code="c">19 cm.</subfield>
  </datafield>
  <datafield tag="504" ind1=" " ind2=" ">
    <subfield code="a">Bibliograf&#xED;a: p. [28].</subfield>
  </datafield>
  <datafield tag="650" ind1=" " ind2="4">
    <subfield code="a">Animales</subfield>
    <subfield code="v">Cuentos</subfield>
  </datafield>
  <datafield tag="655" ind1=" " ind2="4">
    <subfield code="a">Literatura infantil</subfield>
  </datafield>
  <datafield tag="655" ind1=" " ind2="4">
    <subfield code="a">Cuento</subfield>
  </datafield>
  <datafield tag="929" ind1=" " ind2="1">
    <subfield code="a">DONACION</subfield>
    <subfield code="b">Patricia Taborda</subfield>
    <subfield code="c">0</subfield>
    <subfield code="d">0</subfield>
    <subfield code="e">2017</subfield>
    <subfield code="f">PAT0083051</subfield>
    <subfield code="j"> 63563</subfield>
  </datafield>
  <datafield tag="930" ind1=" " ind2="1">
    <subfield code="l">BNA01</subfield>
    <subfield code="m">LIBRO</subfield>
    <subfield code="6">00888612</subfield>
    <subfield code="8">20110912</subfield>
    <subfield code="f">11</subfield>
    <subfield code="s">03</subfield>
    <subfield code="n">000</subfield>
    <subfield code="o">000913833</subfield>
  </datafield>
  <datafield tag="942" ind1=" " ind2=" ">
    <subfield code="2">ddc</subfield>
    <subfield code="n">0</subfield>
    <subfield code="c">LIB</subfield>
  </datafield>
  <datafield tag="956" ind1=" " ind2=" ">
    <subfield code="a">GSL</subfield>
    <subfield code="b">00</subfield>
    <subfield code="c">20110916</subfield>
    <subfield code="l">BNA01</subfield>
    <subfield code="h">0202</subfield>
  </datafield>
  <datafield tag="956" ind1=" " ind2=" ">
    <subfield code="a">CATAU</subfield>
    <subfield code="b">10</subfield>
    <subfield code="c">20121015</subfield>
    <subfield code="l">BNA01</subfield>
    <subfield code="h">1404</subfield>
  </datafield>
  <datafield tag="956" ind1=" " ind2=" ">
    <subfield code="a">GSL</subfield>
    <subfield code="c">20130614</subfield>
    <subfield code="l">BNA01</subfield>
    <subfield code="h">2215</subfield>
  </datafield>
  <datafield tag="956" ind1=" " ind2=" ">
    <subfield code="a">CATAU</subfield>
    <subfield code="b">20</subfield>
    <subfield code="c">20170407</subfield>
    <subfield code="l">BNA01</subfield>
    <subfield code="h">1528</subfield>
  </datafield>
  <datafield tag="956" ind1=" " ind2=" ">
    <subfield code="a">CATAU</subfield>
    <subfield code="b">20</subfield>
    <subfield code="c">20170407</subfield>
    <subfield code="l">BNA01</subfield>
    <subfield code="h">1529</subfield>
  </datafield>
  <datafield tag="956" ind1=" " ind2=" ">
    <subfield code="a">CATAU</subfield>
    <subfield code="b">20</subfield>
    <subfield code="c">20170407</subfield>
    <subfield code="l">BNA01</subfield>
    <subfield code="h">1530</subfield>
  </datafield>
  <datafield tag="956" ind1=" " ind2=" ">
    <subfield code="a">AFLORIDIA</subfield>
    <subfield code="b">20</subfield>
    <subfield code="c">20170825</subfield>
    <subfield code="l">BNA01</subfield>
    <subfield code="h">1647</subfield>
  </datafield>
  <datafield tag="956" ind1=" " ind2=" ">
    <subfield code="a">AFLORIDIA</subfield>
    <subfield code="b">20</subfield>
    <subfield code="c">20170825</subfield>
    <subfield code="l">BNA01</subfield>
    <subfield code="h">1648</subfield>
  </datafield>
  <datafield tag="956" ind1=" " ind2=" ">
    <subfield code="a">MALBORES</subfield>
    <subfield code="b">20</subfield>
    <subfield code="c">20190629</subfield>
    <subfield code="l">BNA01</subfield>
    <subfield code="h">1012</subfield>
  </datafield>
  <datafield tag="956" ind1=" " ind2=" ">
    <subfield code="a">MALBORES</subfield>
    <subfield code="b">20</subfield>
    <subfield code="c">20190702</subfield>
    <subfield code="l">BNA01</subfield>
    <subfield code="h">0930</subfield>
  </datafield>
  <datafield tag="956" ind1=" " ind2=" ">
    <subfield code="a">PMENNA</subfield>
    <subfield code="b">20</subfield>
    <subfield code="c">20250513</subfield>
    <subfield code="l">BNA01</subfield>
    <subfield code="h">1726</subfield>
  </datafield>
  <datafield tag="999" ind1=" " ind2=" ">
    <subfield code="c">1383</subfield>
    <subfield code="d">1383</subfield>
  </datafield>
  <datafield tag="952" ind1=" " ind2=" ">
    <subfield code="0">0</subfield>
    <subfield code="1">0</subfield>
    <subfield code="a">BIBESET</subfield>
    <subfield code="b">BIBESET</subfield>
    <subfield code="c">circulacion</subfield>
    <subfield code="d">2025-10-06</subfield>
    <subfield code="l">0</subfield>
    <subfield code="o">U863 QUI</subfield>
    <subfield code="p">63563</subfield>
    <subfield code="r">2025-10-06</subfield>
    <subfield code="w">2025-10-06</subfield>
    <subfield code="y">LIB</subfield>
  </datafield>
</record>
